Реакции с участием карбонатов в микроволновом поле; Известия вузов. Физика; Т. 54, № 1/2 : Радиационно-термические эффекты и процессы в неорганических материалах

Detalles Bibliográficos
Parent link:Известия вузов. Физика/ Министерство общего и профессионального образования Российской Федерации ; Томский Госуниверситет.— , 1958-.— 0021-3411
Т. 54, № 1/2 : Радиационно-термические эффекты и процессы в неорганических материалах.— 2011
Autor Principal: Косенко Н. Ф.
Outros autores: Филатова Н. В.
Summary:Заглавие с экрана
Idioma:ruso
Publicado: 2011
Subjects:
Acceso en liña:http://www.lib.tpu.ru/fulltext/v/Conferences/2011/K02/67.pdf
Formato: MixedMaterials Electrónico Capítulo de libro
KOHA link:https://koha.lib.tpu.ru/cgi-bin/koha/opac-detail.pl?biblionumber=458505

MARC

LEADER 00000naa2a2200000 4500
001 458505
005 20231101085013.0
035 |a (RuTPU)RU\TPU\prd\122201 
035 |a RU\TPU\prd\122194 
090 |a 458505 
100 |a 20111012d2011 k y0rusy50 ca 
101 0 |a rus 
102 |a RU 
135 |a drnn ---uucaa 
181 0 |a i  
182 0 |a b 
200 1 |a Реакции с участием карбонатов в микроволновом поле  |b Электронный ресурс  |f Н. Ф. Косенко, Н. В. Филатова 
203 |a Текст  |c электронный 
215 |a 1 файл (201 Кб) 
230 |a Электронные текстовые данные (1 файл : 201 Кб) 
300 |a Заглавие с экрана 
337 |a Adobe Reader 
461 1 |0 (RuTPU)RU\TPU\prd\191  |x 0021-3411  |t Известия вузов. Физика  |f Министерство общего и профессионального образования Российской Федерации ; Томский Госуниверситет  |d 1958- 
463 1 |0 (RuTPU)RU\TPU\prd\113411  |t Т. 54, № 1/2 : Радиационно-термические эффекты и процессы в неорганических материалах  |o тематический выпуск  |f под ред. А. П. Суржикова  |d 2011 
610 1 |a микроволновая обработка 
610 1 |a СВЧ-синтез 
610 1 |a кальцит 
610 1 |a декарбонизация 
610 1 |a кинетика 
610 1 |a карбид кальция 
610 1 |a карбонаты 
610 1 |a микроволновые технологии 
610 1 |a электронный ресурс 
700 1 |a Косенко  |b Н. Ф. 
701 1 |a Филатова  |b Н. В. 
801 1 |a RU  |b 63413507  |c 20110927 
801 2 |a RU  |b 63413507  |c 20120111  |g RCR 
856 4 |u http://www.lib.tpu.ru/fulltext/v/Conferences/2011/K02/67.pdf 
942 |c BK